STN EN 716-1: 2018 (91 1019) [neplatná], Nábytok. Detské postieľky a skladacie detské postieľky do bytových priestorov Časť 1 Bezpečnostné požiadavky
Táto norma je slovenskou verziou európskej normy EN 716-1: 2017. Preklad zabezpečil Úrad pre normalizáciu, metrológiu a skúšobníctvo Slovenskej republiky. Táto norma má rovnaké postavenie, ako majú oficiálne verzie
| Corporate Author: | |
|---|---|
| Other Authors: | |
| Format: | Book |
| Language: | Slovak English |
| PhysicalDescription: | 16 s. obr. 30 cm |
| Published: |
Bratislava
Úrad pre normalizáciu, metrológiu a skúšobníctvo Slovenskej republiky
2018
|
| Subjects: |
MARC
| LEADER | 00000cam a2200000 a 4500 | ||
|---|---|---|---|
| 001 | vtls011782240 | ||
| 003 | SK-MaSNL | ||
| 005 | 20260301051051.0 | ||
| 008 | 181002s2018 xo a f u 000 0 slo | ||
| 015 | |a SNBN2018 | ||
| 040 | |a SNK |b slo |c SNK |e AACR2 | ||
| 041 | 1 | |a slo |h eng | |
| 044 | |a xo |c SK | ||
| 046 | |a m |m 20181001 (účin.) |n 20190801 (zruš.) | ||
| 072 | 7 | |a 645 |x Nábytok |2 konspekt | |
| 072 | 7 | |a 684 |x Nábytkársky priemysel |2 konspekt | |
| 080 | |a 645.4/.6 |2 2001 | ||
| 080 | |a 006.7/.8 |2 2001 | ||
| 080 | |a (437.6) |2 2001 | ||
| 080 | |a (4) |2 2001 | ||
| 080 | |a 331.45 |2 2001 | ||
| 080 | |a 684.4 |2 2011 | ||
| 084 | |a 97.140 |2 ICS | ||
| 084 | |a 97.190 |2 ICS | ||
| 130 | 0 | |a SN 91 1019 (STN EN 716-1) [neplatná] |9 357750 | |
| 245 | 1 | 0 | |a STN EN 716-1: 2018 (91 1019) [neplatná], Nábytok. Detské postieľky a skladacie detské postieľky do bytových priestorov |n Časť 1 |p Bezpečnostné požiadavky |
| 246 | 1 | 0 | |a Nábytok |
| 246 | 1 | 0 | |a Detské postieľky a skladacie detské postieľky do bytových priestorov. Časť 1 |
| 246 | 1 | 0 | |a Bezpečnostné požiadavky |
| 246 | 3 | 0 | |a EN 716-1: 2017 SK |
| 260 | |a Bratislava |b Úrad pre normalizáciu, metrológiu a skúšobníctvo Slovenskej republiky |c 2018 | ||
| 300 | |a 16 s. |b obr. |c 30 cm | ||
| 500 | |a Súbežný názov v angličtine, francúzštine, nemčine | ||
| 500 | |a Spracovateľ: Drevársky kongres Zvolen, Nadežda Langová | ||
| 500 | |a Táto norma nahrádza anglickú verziu STN EN 716-1 z januára 2018, ktorá od 1.1.2018 nahradila STN EN 716-1+A1 z júna 2013 v celom rozsahu | ||
| 500 | |a Norma je nahradená normou STN EN 716-1+AC z augusta 2019 v celom rozsahu | ||
| 504 | |a Normatívne referenčné dokumenty, súvisiace právne predpisy s. 2 | ||
| 520 | 8 | |a Táto norma je slovenskou verziou európskej normy EN 716-1: 2017. Preklad zabezpečil Úrad pre normalizáciu, metrológiu a skúšobníctvo Slovenskej republiky. Táto norma má rovnaké postavenie, ako majú oficiálne verzie | |
| 540 | |a STN vydané na akomkoľvek nosiči sa môžu rozmnožovať a rozširovať iba so súhlasom určenej právnickej osoby |b SÚTN Bratislava |c zákon 264/1999 Z. z. | ||
| 650 | 0 | 7 | |a nábytok |2 SNKPH |9 3744 |
| 650 | 0 | 7 | |a technické normy a štandardy |z Slovensko |2 SNKPH |9 79594 |
| 650 | 0 | 7 | |a technické normy a štandardy |z krajiny Európskej únie |2 SNKPH |9 289341 |
| 650 | 0 | 7 | |a Furniture |2 SNKPHeng |9 300443 |
| 650 | 0 | 7 | |a Occupational safety |2 SNKPHeng |9 287472 |
| 650 | 0 | 7 | |a detský nábytok |2 SNKPH |9 20065 |
| 650 | 0 | 7 | |a bezpečnosť práce |2 SNKPH |9 1296 |
| 655 | 7 | |a normy |2 SNKPH |9 70643 | |
| 700 | 1 | |a Langová, Nadežda, |d 1974- |4 trl |9 223771 | |
| 710 | 1 | |a Slovensko. |b Úrad pre normalizáciu, metrológiu a skúšobníctvo |4 stn |9 158117 | |
| 710 | 2 | |a Slovenský ústav technickej normalizácie (Bratislava, Slovensko). |b Technická komisia č. 16 Drevárske výrobky, náterové látky a lepidlá |4 stn |9 330613 | |
| 710 | 2 | |a Drevársky kongres (Zvolen, Slovensko) |4 trl |9 355292 | |
| 852 | |a Štátna vedecká knižnica v Banskej Bystrici | ||
| 958 | |a OP | ||
| 958 | |a NB | ||
| 999 | |c 602413 |d 604343 | ||
| 952 | |a SNK |b SNK |y PREZ |7 0 |p 17A1349430 |o snkSTN EN 716-1 |i snk2018/23618 |8 0 |0 0 |1 0 |4 0 |d 2018-11-12 |l 0 |r 2026-02-23 15:58:40 |w 2026-02-23 | ||
| 952 | |a SNK |b SNK |y PREZ |7 0 |p 17A1349429 |o snkSTN EN 716-1 D1 |i snk2018/23619 |8 0 |0 0 |1 0 |4 0 |d 2018-11-12 |l 0 |r 2026-02-23 15:58:40 |w 2026-02-23 | ||


